| 000 | 00643nam a2200193 i 4500 | ||
|---|---|---|---|
| 001 | 189626 | ||
| 003 | ES-MaACL | ||
| 005 | 20250731030203.0 | ||
| 008 | 190704s1950 sp |||| | spa d | ||
| 245 | 0 | 3 | _aLa profesión de agricultor y sus modalidades. |
| 260 |
_aMadrid : _bMinisterio de Trabajo, Sección de Estudios, _c1950. |
||
| 300 |
_a59 p. : _bil. ; _c16 cm. |
||
| 490 | 1 |
_aColección de Monografías Profesionales ; _v2 |
|
| 650 | 4 |
_aAgricultores. _9167469 |
|
| 650 | 0 | 7 |
_aAgricultura _2embne _99670 |
| 830 | 0 |
_aColección de Monografías Profesionales ; _v2 _9193349 |
|
| 852 |
_aES-MaACL _j1484-F-11 |
||
| 999 |
_c189626 _d189626 |
||